[Event "Guernsey Open"]
[Site "Guernsey GCI"]
[Date "2004.10.05"]
[Round "3"]
[White "Goris Schouwstra, A."]
[Black "Morcom, HC."]
[Result "1/2-1/2"]
[WhiteElo "1897"]
[BlackElo "2031"]
[PlyCount "74"]
[EventDate "2004.10.03"]
[SourceDate "2004.10.10"]

1. d4 g6 2. c4 Bg7 3. Nc3 c5 4. Nf3 cxd4 5. Nxd4 Nf6 6. e4 d6 7. Be2 O-O 8. O-O
Nc6 9. Nxc6 bxc6 10. Be3 Qa5 11. a3 c5 12. Bd2 Qb6 13. Rb1 Bb7 14. Nd5 Nxd5 15.
cxd5 f5 16. b4 cxb4 17. Rxb4 Qc7 18. exf5 Rxf5 19. Bg4 Raf8 20. Bxf5 Rxf5 21.
Qb1 Bxd5 22. Rc1 Qd7 23. Rb8+ Kf7 24. Qb5 Qxb5 25. Rxb5 a6 26. Ra5 Bb7 27.
Rxf5+ gxf5 28. Bg5 Be4 29. Rc7 Bf8 30. f3 Bd3 31. Kf2 d5 32. Ke3 Bb5 33. g3 Ke6
34. Rb7 Kd6 35. Rb6+ Kd7 36. Bh6 Kc7 37. Re6 Kd7 1/2-1/2

[Event "Guernsey Open"]
[Site "Guernsey GCI"]
[Date "2004.10.06"]
[Round "4"]
[White "Corkett, Anthony R"]
[Black "Hillarp Persson, Tiger"]
[Result "0-1"]
[WhiteElo "2310"]
[BlackElo "2523"]
[PlyCount "146"]
[EventDate "2004.10.03"]
[SourceDate "2004.10.10"]

1. e4 g6 2. d4 Bg7 3. Nf3 d6 4. Be2 Nf6 5. Nc3 O-O 6. O-O e6 7. Re1 Nc6 8. Bf1
h6 9. a3 a6 10. Rb1 b6 11. Qd3 Bb7 12. b4 e5 13. d5 Ne7 14. Nd1 b5 15. Ne3 c6
16. dxc6 Bxc6 17. Nd2 d5 18. exd5 Nfxd5 19. Nxd5 Nxd5 20. Ne4 Re8 21. Qh3 f5
22. Nc5 Kh7 23. Rd1 Qe7 24. c4 Nb6 25. Nxa6 Nxc4 26. Nc5 Nb6 27. Bb2 Rad8 28.
Qb3 Bd5 29. Qc2 Bc4 30. a4 Bxf1 31. Rxf1 bxa4 32. Nxa4 Nd5 33. Qc5 Qb7 34. b5
Rc8 35. Qa3 Nf4 36. Qf3 Qxb5 37. Nc3 Qd3 38. Qxd3 Nxd3 39. Ba1 Rc7 40. Nd5 Rd7
41. Nb6 Rb7 42. Nc4 Rxb1 43. Rxb1 Rc8 44. Ne3 f4 45. Nd5 Rc2 46. f3 h5 47. h4
Kh6 48. Nc3 Bf6 49. Rd1 Nf2 50. Rf1 Bxh4 51. Nd5 Nd3 52. Rd1 Bf2+ 53. Kf1 Bc5
54. Rxd3 Rc1+ 55. Ke2 Rxa1 56. Rd2 Ra6 57. Rc2 Bd4 58. Kd3 Kg5 59. Ke4 Kh4 60.
Nxf4 exf4 61. Kxf4 Bf6 62. g4 Ra4+ 63. Ke3 hxg4 64. fxg4 Bg5+ 65. Kf3 Rf4+ 66.
Kg2 Kxg4 67. Ra2 Rb4 68. Rc2 Bf6 69. Rc6 Rb2+ 70. Kf1 Kf5 71. Ra6 g5 72. Ra4 g4
73. Kg1 Be5 0-1

[Event "Guernsey Open"]
[Site "Guernsey GCI"]
[Date "2004.10.06"]
[Round "4"]
[White "Bellin, Robert"]
[Black "Reijneveld, Ad"]
[Result "1-0"]
[WhiteElo "2383"]
[BlackElo "2203"]
[PlyCount "61"]
[EventDate "2004.10.03"]
[SourceDate "2004.10.10"]

1. e4 c5 2. Nf3 g6 3. Bc4 Bg7 4. O-O a6 5. d4 cxd4 6. Nxd4 d6 7. Nc3 Nf6 8. Re1
O-O 9. Bg5 Nbd7 10. Qd2 Qc7 11. Bb3 Rb8 12. Nd5 Nxd5 13. exd5 Nf6 14. c3 Re8
15. h3 Bd7 16. Re2 Qc5 17. Be3 Qa5 18. Nf3 Ne4 19. Qd1 Rbc8 20. a4 Rxc3 21.
bxc3 Nxc3 22. Bd2 Nxe2+ 23. Qxe2 Qb6 24. Ra3 Bf6 25. Qe3 Qc7 26. g4 e6 27. dxe6
fxe6 28. Ra2 d5 29. Rc2 Qd6 30. Qf4 e5 31. Qb4 1-0

[Event "Guernsey Open"]
[Site "Guernsey GCI"]
[Date "2004.10.06"]
[Round "4"]
[White "Shabtai, Ran"]
[Black "Kitchlew, Andrew"]
[Result "1-0"]
[WhiteElo "2268"]
[BlackElo "2111"]
[PlyCount "83"]
[EventDate "2004.10.03"]
[SourceDate "2004.10.10"]

1. e4 c5 2. b3 d6 3. Bb2 e5 4. Bc4 Nf6 5. Nc3 Be7 6. Nge2 O-O 7. d3 a6 8. a4
Nc6 9. O-O Bg4 10. f3 Be6 11. f4 Ng4 12. Qd2 Kh8 13. h3 Nh6 14. Nd5 f6 15. a5
Rb8 16. f5 Bf7 17. Kh1 Qd7 18. g4 Bd8 19. Rg1 Be8 20. Ne3 Bf7 21. h4 Bxc4 22.
dxc4 Nf7 23. Rg3 Nd4 24. Nc1 Re8 25. c3 Nc6 26. b4 Rc8 27. Nb3 Qe7 28. Nd5 Qf8
29. g5 cxb4 30. cxb4 Nd4 31. Bxd4 exd4 32. Re1 Rxc4 33. Nxd4 Ne5 34. Ne6 Qf7
35. Ndf4 g6 36. Qxd6 Be7 37. Qd5 Bxb4 38. Reg1 Rc2 39. h5 fxg5 40. Qxe5+ Kg8
41. hxg6 hxg6 42. Rh3 1-0

[Event "Guernsey Open"]
[Site "Guernsey GCI"]
[Date "2004.10.06"]
[Round "4"]
[White "Johansson, Toni"]
[Black "Burrows, Martin"]
[Result "1-0"]
[WhiteElo "2123"]
[BlackElo "2201"]
[PlyCount "103"]
[EventDate "2004.10.03"]
[SourceDate "2004.10.10"]

1. e4 c5 2. Nf3 d6 3. d4 cxd4 4. Nxd4 Nf6 5. Nc3 a6 6. Bc4 e6 7. Bb3 Nbd7 8. g4
Nc5 9. f3 Be7 10. h4 Nfd7 11. g5 h6 12. Rg1 hxg5 13. hxg5 Nf8 14. Be3 Bd7 15.
Qd2 Qc7 16. O-O-O O-O-O 17. Nf5 Bc6 18. Nxe7+ Qxe7 19. Bd4 Rh7 20. Rh1 Rxh1 21.
Rxh1 e5 22. Be3 Nxb3+ 23. axb3 Ne6 24. Bb6 Rf8 25. Be3 g6 26. Rh7 Kb8 27. Kb1
Rd8 28. Qh2 Re8 29. Qd2 Rd8 30. b4 Nc7 31. Bb6 Rf8 32. Nd1 Ne6 33. Be3 Qc7 34.
Nc3 Rd8 35. Qf2 Qe7 36. Qh2 Re8 37. Rh8 Rxh8 38. Qxh8+ Qd8 39. Qh6 Qf8 40. Qh4
Qd8 41. Nd5 Bxd5 42. exd5 Ng7 43. Bg1 Nf5 44. Qf2 Qc7 45. Qh2 Qd8 46. c4 Qxg5
47. Qh8+ Kc7 48. Ba7 Nd4 49. Qe8 Qf5+ 50. Ka2 b6 51. Qb8+ Kd7 52. Bxb6 1-0

[Event "Guernsey Open"]
[Site "Guernsey GCI"]
[Date "2004.10.06"]
[Round "4"]
[White "Ballon, Guenther Jan"]
[Black "Lock, Gavin R"]
[Result "1/2-1/2"]
[WhiteElo "2195"]
[BlackElo "2158"]
[PlyCount "80"]
[EventDate "2004.10.03"]
[SourceDate "2004.10.10"]

1. d4 d5 2. c4 c6 3. Nf3 Nf6 4. e3 Bg4 5. h3 Bxf3 6. Qxf3 e6 7. Bd3 Nbd7 8.
cxd5 exd5 9. Nc3 Be7 10. Bd2 a5 11. O-O O-O 12. Rfc1 Re8 13. Rc2 Bd6 14. e4
dxe4 15. Nxe4 Nxe4 16. Bxe4 Nf6 17. Bg5 Rxe4 18. Bxf6 Qe8 19. Be5 Bxe5 20. dxe5
Qxe5 21. g3 g6 22. Rd1 Re1+ 23. Rxe1 Qxe1+ 24. Kg2 Re8 25. a3 Re5 26. h4 h5 27.
a4 Qe4 28. Rd2 Kf8 29. Rd7 Qxf3+ 30. Kxf3 b5 31. Rc7 bxa4 32. Rxc6 Rb5 33. Ra6
Rb3+ 34. Kg2 Rxb2 35. Rxa5 Ra2 36. Ra7 a3 37. Kf3 Ra1 38. Kf4 Kg7 39. Ra6 a2
40. Kf3 Kg8 1/2-1/2

[Event "Guernsey Open"]
[Site "Guernsey GCI"]
[Date "2004.10.06"]
[Round "4"]
[White "Von Saldern, Ruediger"]
[Black "Havenaar, Jan"]
[Result "1-0"]
[WhiteElo "2097"]
[BlackElo "2169"]
[PlyCount "73"]
[EventDate "2004.10.03"]
[SourceDate "2004.10.10"]

1. d4 Nf6 2. Nf3 d6 3. Bg5 Nbd7 4. e3 h6 5. Bh4 g5 6. Bg3 Ne4 7. Be2 h5 8. h3
Bg7 9. Nbd2 Ndf6 10. c3 Nxg3 11. fxg3 g4 12. Nh4 Bh6 13. Nf1 d5 14. Bd3 Ne4 15.
Bxe4 dxe4 16. Qc2 f5 17. O-O-O c6 18. Ng6 Rg8 19. Nf4 Bxf4 20. gxf4 Be6 21.
hxg4 hxg4 22. b3 Qa5 23. Ng3 b5 24. Rh5 Rf8 25. Kb2 Qb6 26. Rh6 Kd7 27. d5 cxd5
28. Rxd5+ Kc7 29. Nxf5 Rf6 30. Qxe4 Rxh6 31. Qe5+ Kc8 32. Nxe7+ Kb7 33. Rxb5
Re8 34. Rxb6+ axb6 35. Nd5 Bxd5 36. Qxe8 Bxg2 37. Qd7+ 1-0

[Event "Guernsey Open"]
[Site "Guernsey GCI"]
[Date "2004.10.06"]
[Round "4"]
[White "Rosen, Daniel B"]
[Black "De Kruif, Kees"]
[Result "1-0"]
[WhiteElo "2165"]
[BlackElo "2056"]
[PlyCount "83"]
[EventDate "2004.10.03"]
[SourceDate "2004.10.10"]

1. e4 c5 2. Nc3 d6 3. f4 Nc6 4. Bb5 Bd7 5. Nf3 g6 6. O-O Bg7 7. d3 a6 8. Bxc6
Bxc6 9. Qe1 Qc7 10. Be3 Nf6 11. h3 O-O 12. Qh4 e6 13. Rae1 b6 14. f5 exf5 15.
exf5 Rae8 16. fxg6 fxg6 17. Bg5 Rxe1 18. Qxe1 Qd7 19. Qh4 Nh5 20. Ne4 Bxe4 21.
Qxe4 d5 22. Qe3 Bxb2 23. Rb1 Re8 24. Qf2 Qg7 25. g4 Rf8 26. gxh5 gxh5 27. Kh1
Qd7 28. Qg2 Bg7 29. Rf1 Qe6 30. Nh4 b5 31. Rxf8+ Kxf8 32. Qf2+ Ke8 33. Nf5 Bd4
34. Qf1 Be5 35. Qf3 Kd7 36. Ne3 d4 37. Nd5 Kd6 38. Be7+ Kd7 39. Bxc5 a5 40. Ne7
b4 41. Qb7+ Bc7 42. Qc8# 1-0

[Event "Guernsey Open"]
[Site "Guernsey GCI"]
[Date "2004.10.06"]
[Round "4"]
[White "Robertson, PC."]
[Black "Thurlow, Kevin J"]
[Result "0-1"]
[WhiteElo "1880"]
[BlackElo "2145"]
[PlyCount "96"]
[EventDate "2004.10.03"]
[SourceDate "2004.10.10"]

1. e4 c5 2. Nc3 Nc6 3. g3 g6 4. Bg2 Bg7 5. d3 e6 6. Be3 Nd4 7. Nce2 Ne7 8. c3
Nxe2 9. Nxe2 d6 10. Qd2 Nc6 11. Bh6 Bxh6 12. Qxh6 Qf6 13. Qd2 Bd7 14. f4 O-O
15. O-O Qg7 16. d4 cxd4 17. cxd4 Rac8 18. Rac1 Ne7 19. Rxc8 Rxc8 20. Rc1 Qf8
21. Rxc8 Qxc8 22. Qc3 Qd8 23. Qb4 Bc6 24. Nc3 d5 25. exd5 Nxd5 26. Nxd5 Bxd5
27. Bxd5 Qxd5 28. a3 Kg7 29. Qc3 h5 30. Qe3 Kf6 31. h3 b6 32. Kf2 Qc4 33. b4
Ke7 34. Kg2 Qa2+ 35. Kg1 Qc2 36. Kf1 Qf5 37. Kg2 Kd6 38. Kf2 Qxh3 39. Qe5+ Kd7
40. Qb5+ Ke7 41. Qg5+ Ke8 42. Qb5+ Kf8 43. Qe5 Qh2+ 44. Kf3 Qh1+ 45. Kf2 Qd5
46. Qb8+ Kg7 47. Ke3 Qb3+ 48. Ke4 f5+ 0-1

[Event "Guernsey Open"]
[Site "Guernsey GCI"]
[Date "2004.10.06"]
[Round "4"]
[White "Wismayer, Clive R"]
[Black "Key, Eric"]
[Result "1-0"]
[WhiteElo "2129"]
[BlackElo "1792"]
[PlyCount "125"]
[EventDate "2004.10.03"]
[SourceDate "2004.10.10"]

1. e4 e6 2. d4 d5 3. e5 c5 4. Nf3 Ne7 5. c3 Nbc6 6. a3 Nf5 7. b4 c4 8. Be2 Be7
9. O-O Bd7 10. a4 a6 11. Na3 Na7 12. g4 Nh6 13. h3 b5 14. axb5 Nxb5 15. Nxb5
axb5 16. Rxa8 Qxa8 17. Bxh6 gxh6 18. Qc1 h5 19. g5 h6 20. gxh6 Bf8 21. h7 Rxh7
22. Ng5 Bh6 23. h4 Qd8 24. f4 Rh8 25. Qc2 Ke7 26. Kh2 Qg8 27. Ra1 Qg6 28. Bd1
Rg8 29. Ra6 f6 30. Qxg6 Rxg6 31. Bxh5 Rg7 32. exf6+ Kxf6 33. Kg3 Re7 34. Ra7
Rg7 35. Bg4 Re7 36. Kf3 Bf8 37. Ra6 Bh6 38. Bh3 Bxg5 39. hxg5+ Kg7 40. Ra7 Rf7
41. Rxd7 Rxd7 42. Bxe6 Ra7 43. Bxd5 Ra3 44. f5 Rxc3+ 45. Kf4 Rc1 46. f6+ Kg6
47. Be4+ Kf7 48. Ke5 Rg1 49. g6+ Rxg6 50. Bxg6+ Kxg6 51. Ke6 c3 52. f7 c2 53.
f8=Q c1=Q 54. Qe8+ Kh6 55. Qxb5 Qe3+ 56. Qe5 Qb3+ 57. Ke7 Qa3 58. d5 Qa7+ 59.
Ke6 Qb6+ 60. Qd6 Qe3+ 61. Kf5+ Kh7 62. Qg6+ Kh8 63. Qh5+ 1-0

[Event "Guernsey Open"]
[Site "Guernsey GCI"]
[Date "2004.10.06"]
[Round "4"]
[White "Clark, Ian C"]
[Black "Rowe, Peter"]
[Result "1/2-1/2"]
[WhiteElo "2109"]
[BlackElo "2085"]
[PlyCount "125"]
[EventDate "2004.10.03"]
[SourceDate "2004.10.10"]

1. e4 c5 2. Nf3 Nc6 3. d4 cxd4 4. Nxd4 Nf6 5. Nc3 e5 6. Ndb5 d6 7. Bg5 a6 8.
Bxf6 gxf6 9. Na3 Be6 10. Bd3 d5 11. exd5 Bxd5 12. O-O Rg8 13. Be4 Bxe4 14. Nxe4
Bxa3 15. Qxd8+ Kxd8 16. bxa3 f5 17. Nd6 f4 18. Nxb7+ Ke7 19. Rfe1 f6 20. c3 Ra7
21. Rab1 Rb8 22. Nc5 Rb5 23. Nd3 Ke6 24. Nxf4+ Kf5 25. Nd3 Rab7 26. Rbd1 Ra5
27. a4 Rd5 28. f3 Rbd7 29. g4+ Kg5 30. Nf2 Rxd1 31. Rxd1 Rxd1+ 32. Nxd1 Kf4 33.
Kf2 e4 34. Ne3 exf3 35. Nd5+ Kg5 36. Kxf3 Ne5+ 37. Kg3 Nc4 38. Nc7 a5 39. Ne6+
Kg6 40. h4 Nb6 41. h5+ Kf7 42. Nd8+ Kg7 43. Nb7 Kf7 44. Nxa5 Nxa4 45. c4 Nc3
46. Kf4 Nxa2 47. Kf5 Nc3 48. Nb7 Ke7 49. Nc5 Nd1 50. Ke4 Nf2+ {(=)} 51. Kf4 Nd1
52. Nd3 Ke6 53. Ke4 Nc3+ 54. Kd4 Ne2+ 55. Kc5 f5 56. g5 f4 57. Kb6 f3 {(=)} 58.
c5 Nd4 59. c6 Nxc6 60. Kxc6 Kf5 61. g6 hxg6 62. hxg6 Kxg6 63. Ne5+ 1/2-1/2

[Event "Guernsey Open"]
[Site "Guernsey GCI"]
[Date "2004.10.06"]
[Round "4"]
[White "Wilman, Carey A"]
[Black "Taylor, Mark V"]
[Result "0-1"]
[WhiteElo "2049"]
[BlackElo "2105"]
[PlyCount "66"]
[EventDate "2004.10.03"]
[SourceDate "2004.10.10"]

1. d4 e6 2. c4 f5 3. Nc3 Nf6 4. Qc2 Bb4 5. Bg5 b6 6. a3 Bxc3+ 7. Qxc3 Bb7 8. d5
O-O 9. dxe6 dxe6 10. Rd1 Qe7 11. Nf3 Nbd7 12. e3 e5 13. Rxd7 Qxd7 14. Nxe5 Qe6
15. Bxf6 Qxf6 16. c5 Bd5 17. Bc4 Qe6 18. O-O Bxc4 19. Nxc4 Rad8 20. f4 Rd5 21.
cxb6 cxb6 22. Ne5 Rc8 23. Qe1 Rc2 24. Rf2 Qc8 25. Qb4 Rc1+ 26. Rf1 Rxf1+ 27.
Kxf1 Qc1+ 28. Ke2 Qd1+ 29. Kf2 Qd2+ 30. Kf3 Qxb4 31. axb4 Rd2 32. Nc4 Rc2 33.
b3 Rc3 0-1

[Event "Guernsey Open"]
[Site "Guernsey GCI"]
[Date "2004.10.06"]
[Round "4"]
[White "Ruston, Mark"]
[Black "Morton, Peter S"]
[Result "1/2-1/2"]
[WhiteElo "2114"]
[BlackElo "1824"]
[PlyCount "38"]
[EventDate "2004.10.03"]
[SourceDate "2004.10.10"]

1. e4 e5 2. Nf3 Nf6 3. d4 Nxe4 4. Nxe5 d5 5. Bd3 Bd6 6. Nd2 Nf6 7. O-O O-O 8.
Ndf3 Nc6 9. c3 h6 10. h3 Be6 11. Bf4 Ne7 12. Qd2 Nd7 13. Rfe1 Re8 14. Bg3 Nf8
15. Nh4 c5 16. Bb5 Bxe5 17. Rxe5 Nc6 18. Bxc6 bxc6 19. Nf3 f6 1/2-1/2

[Event "Guernsey Open"]
[Site "Guernsey GCI"]
[Date "2004.10.06"]
[Round "4"]
[White "Kamps, JW."]
[Black "Heath, Jeffrey"]
[Result "1-0"]
[WhiteElo "2101"]
[BlackElo "2019"]
[PlyCount "85"]
[EventDate "2004.10.03"]
[SourceDate "2004.10.10"]

1. e4 c5 2. Nc3 d6 3. f4 Nc6 4. Nf3 g6 5. Bc4 Bg7 6. O-O e6 7. d3 Nge7 8. Qe1
Nd4 9. Bb3 Nxb3 10. axb3 a6 11. f5 f6 12. fxe6 O-O 13. d4 Bxe6 14. Be3 Qc7 15.
Qg3 b6 16. dxc5 bxc5 17. Rfd1 Rfd8 18. Bf4 Nc8 19. Kh1 Ra7 20. h4 Bf7 21. Ra3
h6 22. Nd5 Qc6 23. Bxh6 Bxh6 24. Nxf6+ Kg7 25. e5 d5 26. Re1 Qe6 27. b4 Ne7 28.
bxc5 Nf5 29. Qg4 Ne3 30. Raxe3 Qxg4 31. Nxg4 Bxe3 32. Rxe3 Be6 33. Nf2 Rb7 34.
Nd4 Bg8 35. Nd3 Re7 36. Re1 Bf7 37. Ra1 Ra8 38. b4 Kg8 39. Kh2 Be8 40. Kg3 Kf7
41. b5 a5 42. Kf3 Bd7 43. b6 1-0

[Event "Guernsey Open"]
[Site "Guernsey GCI"]
[Date "2004.10.06"]
[Round "4"]
[White "Gruettner, Ralf"]
[Black "Twitchell, DJ."]
[Result "1-0"]
[WhiteElo "2056"]
[BlackElo "1792"]
[PlyCount "109"]
[EventDate "2004.10.03"]
[SourceDate "2004.10.10"]

1. d4 d5 2. c4 e6 3. Nc3 Nf6 4. cxd5 exd5 5. Bg5 Be7 6. e3 O-O 7. Bd3 h6 8. Bh4
c6 9. Qc2 Nbd7 10. Nf3 Re8 11. O-O Ne4 12. Bxe7 Qxe7 13. Bxe4 dxe4 14. Nd2 Nf6
15. Rfc1 Bf5 16. Rab1 Bg6 17. b4 a6 18. Na4 Nd7 19. Nc5 Nb6 20. a4 Nd5 21. b5
axb5 22. axb5 b6 23. Na4 cxb5 24. Rxb5 Nxe3 25. fxe3 Qa3 26. Nc3 Rac8 27. Rxb6
Qa5 28. Qb3 Qg5 29. Ne2 Rxc1+ 30. Nxc1 Kh7 31. Rc6 Bh5 32. Nf1 Bf3 33. Qc2 Ra8
34. Rc5 f5 35. Qf2 Ra3 36. Na2 Qxg2+ 37. Qxg2 Bxg2 38. Kxg2 Rxa2+ 39. Kg3 Kg6
40. Rc6+ Kh5 41. Rc5 g6 42. h4 Ra1 43. Nd2 Rg1+ 44. Kf2 Ra1 45. Nxe4 Kxh4 46.
Nd6 Kg4 47. Rc2 h5 48. Nf7 h4 49. Ne5+ Kg5 50. Rc6 Ra2+ 51. Kf3 h3 52. Rxg6+
Kh5 53. Rg8 h2 54. Rh8+ Kg5 55. Nd3 1-0

[Event "Guernsey Open"]
[Site "Guernsey GCI"]
[Date "2004.10.06"]
[Round "4"]
[White "Jones, HCN."]
[Black "Burton, Ronnie"]
[Result "0-1"]
[WhiteElo "1664"]
[BlackElo "2051"]
[PlyCount "46"]
[EventDate "2004.10.03"]
[SourceDate "2004.10.10"]

1. e4 c5 2. Nf3 e6 3. d4 cxd4 4. Nxd4 Nf6 5. Bd3 Nc6 6. Nxc6 bxc6 7. O-O d5 8.
exd5 cxd5 9. Nc3 Be7 10. Bg5 O-O 11. Qe2 Rb8 12. Rab1 Re8 13. Rfd1 Bd7 14. Bf4
Rb4 15. Be5 Qa5 16. a3 Rb7 17. Ba6 Rb6 18. Bd3 Rc8 19. g4 Bc6 20. g5 Ne4 21. f3
Nxc3 22. Bxc3 Qc5+ 23. Bd4 Qxd4+ 0-1

[Event "Guernsey Open"]
[Site "Guernsey GCI"]
[Date "2004.10.06"]
[Round "4"]
[White "Taylor, RP."]
[Black "Goldberg, Menashe"]
[Result "1-0"]
[WhiteElo "1640"]
[BlackElo "2005"]
[PlyCount "61"]
[EventDate "2004.10.03"]
[SourceDate "2004.10.10"]

1. d4 Nf6 2. Nf3 d5 3. Bg5 Ne4 4. Bf4 e6 5. e3 Bd6 6. Nbd2 Bxf4 7. exf4 Nd6 8.
Bd3 Nd7 9. O-O O-O 10. Ne5 Nf5 11. c3 Qh4 12. g3 Qh3 13. Re1 Nh6 14. Bf1 Qf5
15. Ndf3 Nxe5 16. fxe5 Qh5 17. Be2 Ng4 18. Nh4 f5 19. exf6 Rxf6 20. Bxg4 Qf7
21. Qe2 Bd7 22. Nf3 Re8 23. Ne5 Qe7 24. Nxd7 Qxd7 25. Qe5 Qf7 26. Re2 g6 27.
Rf1 h5 28. Bh3 g5 29. Qxg5+ Rg6 30. Qe5 h4 31. Re3 1-0

[Event "Guernsey Open"]
[Site "Guernsey GCI"]
[Date "2004.10.06"]
[Round "4"]
[White "Ippel, Cornelius J"]
[Black "Goris Schouwstra, A."]
[Result "1-0"]
[WhiteElo "2068"]
[BlackElo "1897"]
[PlyCount "85"]
[EventDate "2004.10.03"]
[SourceDate "2004.10.10"]

1. Nc3 d5 2. e4 d4 3. Nce2 c5 4. Ng3 e5 5. Bc4 Nf6 6. d3 h6 7. f4 Bg4 8. Nf3
Nc6 9. O-O Bd6 10. f5 Qc7 11. a3 O-O-O 12. Bd2 Na5 13. Bxa5 Qxa5 14. Bxf7 Qc7
15. Be6+ Kb8 16. Qd2 Bxf3 17. Rxf3 Nh7 18. Rff1 Nf8 19. Bd5 Nd7 20. Ra2 Nb6 21.
Be6 Qe7 22. a4 Na8 23. a5 Nc7 24. Bc4 h5 25. Nh1 h4 26. Nf2 Rdf8 27. Nh3 g6 28.
fxg6 Rxf1+ 29. Kxf1 Qf6+ 30. Kg1 Qxg6 31. Ra1 Ne6 32. Bxe6 Qxe6 33. Rf1 Rg8 34.
Rf5 Qa2 35. b3 Qa1+ 36. Rf1 Qa2 37. Qh6 Rd8 38. Ng5 Qxa5 39. Nf7 Be7 40. Nxd8
Qxd8 41. Qe6 Bd6 42. Rf6 Kc7 43. Rf7+ 1-0

[Event "Guernsey Open"]
[Site "Guernsey GCI"]
[Date "2004.10.06"]
[Round "4"]
[White "Morcom, HC."]
[Black "Hamperl, Fred"]
[Result "1/2-1/2"]
[WhiteElo "2031"]
[BlackElo "1961"]
[PlyCount "64"]
[EventDate "2004.10.03"]
[SourceDate "2004.10.10"]

1. e4 c5 2. Nf3 Nc6 3. Bb5 g6 4. O-O Bg7 5. c3 Nf6 6. Re1 O-O 7. d4 cxd4 8.
cxd4 d5 9. e5 Ne4 10. Nc3 Nxc3 11. bxc3 Qc7 12. Bd2 Bg4 13. h3 Bxf3 14. Qxf3 e6
15. Bg5 Na5 16. g4 Rac8 17. Re3 Nc4 18. Bxc4 Qxc4 19. Bf6 Qb5 20. Bxg7 Kxg7 21.
Qf6+ Kg8 22. h4 Qb2 23. Rf1 h6 24. h5 Kh7 25. hxg6+ fxg6 26. Qxe6 Rxc3 27. Rxc3
Qxc3 28. Qxd5 Rf4 29. Qxb7+ Kh8 30. Qa8+ Kg7 31. Qxa7+ Kh8 32. Qa8+ Kg7 1/2-1/2

[Event "Guernsey Open"]
[Site "Guernsey GCI"]
[Date "2004.10.07"]
[Round "5"]
[White "Hillarp Persson, Tiger"]
[Black "Bellin, Robert"]
[Result "1/2-1/2"]
[WhiteElo "2523"]
[BlackElo "2383"]
[PlyCount "27"]
[EventDate "2004.10.03"]
[SourceDate "2004.10.10"]

1. d4 f5 2. Nc3 Nf6 3. Bg5 d5 4. Bxf6 exf6 5. e3 Be6 6. Bd3 Nc6 7. Nce2 Qd7 8.
a3 O-O-O 9. Nf3 Kb8 10. b3 g5 11. c4 f4 12. cxd5 Bxd5 13. e4 Bf7 14. d5 1/2-1/2

[Event "Guernsey Open"]
[Site "Guernsey GCI"]
[Date "2004.10.07"]
[Round "5"]
[White "Thurlow, Kevin J"]
[Black "Corkett, Anthony R"]
[Result "0-1"]
[WhiteElo "2145"]
[BlackElo "2310"]
[PlyCount "76"]
[EventDate "2004.10.03"]
[SourceDate "2004.10.10"]

1. e4 c5 2. Nf3 Nc6 3. d4 cxd4 4. Nxd4 g6 5. Nc3 Bg7 6. Be3 Nf6 7. Bc4 O-O 8.
Bb3 e6 9. f3 d5 10. exd5 Nxd5 11. Nxd5 exd5 12. O-O Na5 13. c3 Nc4 14. Bxc4
dxc4 15. Qd2 a6 16. Rad1 Qa5 17. a3 Re8 18. Rfe1 Bd7 19. Re2 Qd5 20. Rde1 b5
21. Bf2 Rxe2 22. Rxe2 a5 23. Nb3 Qxd2 24. Nxd2 Bf5 25. Ne4 b4 26. axb4 axb4 27.
Be1 b3 28. Kf2 h5 29. Bd2 Ra2 30. Bc1 Bxe4 31. fxe4 Be5 32. g3 Kf8 33. Kf3 Ke7
34. Ke3 Ke6 35. Kf3 f6 36. h3 g5 37. g4 h4 38. Rf2 Ra1 0-1

[Event "Guernsey Open"]
[Site "Guernsey GCI"]
[Date "2004.10.07"]
[Round "5"]
[White "Wismayer, Clive R"]
[Black "Shabtai, Ran"]
[Result "0-1"]
[WhiteElo "2129"]
[BlackElo "2268"]
[PlyCount "80"]
[EventDate "2004.10.03"]
[SourceDate "2004.10.10"]

1. e4 c5 2. Nf3 e6 3. d4 cxd4 4. Nxd4 Nf6 5. Nc3 Nc6 6. g3 d5 7. exd5 Nxd5 8.
Bg2 Nxc3 9. bxc3 Nxd4 10. Qxd4 Qxd4 11. cxd4 Bb4+ 12. Bd2 Bxd2+ 13. Kxd2 Rb8
14. Rab1 b6 15. c4 Bb7 16. Bxb7 Rxb7 17. Rhc1 Ke7 18. c5 Rhb8 19. Ke3 Kd8 20.
h4 bxc5 21. Rxb7 cxd4+ 22. Kxd4 Rxb7 23. Rc4 Rd7+ 24. Ke3 Rd5 25. Rg4 g6 26.
Ra4 a5 27. Rc4 h5 28. Rc6 Ke7 29. Ra6 Kf6 30. Ra7 Rc5 31. Kd3 e5 32. Rb7 Rd5+
33. Ke3 Rd4 34. f4 Ra4 35. fxe5+ Ke6 36. Rb6+ Kxe5 37. Rb5+ Ke6 38. Rb2 Kf5 39.
Kf2 Kg4 40. Rb7 Rxa2+ 0-1

[Event "Guernsey Open"]
[Site "Guernsey GCI"]
[Date "2004.10.07"]
[Round "5"]
[White "Reijneveld, Ad"]
[Black "Johansson, Toni"]
[Result "0-1"]
[WhiteElo "2203"]
[BlackElo "2123"]
[PlyCount "50"]
[EventDate "2004.10.03"]
[SourceDate "2004.10.10"]

1. Nc3 g6 2. d4 Bg7 3. e4 d6 4. f4 Nf6 5. Nf3 c5 6. d5 O-O 7. Be2 e6 8. Nd2
exd5 9. exd5 Ng4 10. Bxg4 Qh4+ 11. g3 Qxg4 12. Qxg4 Bxg4 13. h3 Bf5 14. Nb5
Bxc2 15. Rh2 Na6 16. Nc4 Rfe8+ 17. Kd2 Be4 18. Ncxd6 Bxd5 19. Nxe8 Rxe8 20. Nc3
Bc4 21. Kd1 b5 22. Bd2 b4 23. Na4 Bb5 24. Nxc5 Nxc5 25. Bxb4 Nd3 0-1

[Event "Guernsey Open"]
[Site "Guernsey GCI"]
[Date "2004.10.07"]
[Round "5"]
[White "Von Saldern, Ruediger"]
[Black "Rosen, Daniel B"]
[Result "0-1"]
[WhiteElo "2097"]
[BlackElo "2165"]
[PlyCount "52"]
[EventDate "2004.10.03"]
[SourceDate "2004.10.10"]

1. d4 f5 2. g3 Nf6 3. Bg2 e6 4. Bg5 Be7 5. Nd2 d5 6. Bxf6 Bxf6 7. Ndf3 O-O 8.
e3 Nd7 9. Ne2 c6 10. O-O e5 11. dxe5 Nxe5 12. Nxe5 Bxe5 13. c3 Kh8 14. Qc2 Qf6
15. Rad1 Be6 16. b3 Bf7 17. c4 dxc4 18. bxc4 Rad8 19. Qa4 a6 20. Qb4 b5 21.
cxb5 axb5 22. Rd2 Bc4 23. Rc1 c5 24. Qa5 Bc7 25. Qxc7 Rxd2 26. Nf4 Qd8 0-1

[Event "Guernsey Open"]
[Site "Guernsey GCI"]
[Date "2004.10.07"]
[Round "5"]
[White "Taylor, Mark V"]
[Black "Ballon, Guenther Jan"]
[Result "1-0"]
[WhiteElo "2105"]
[BlackElo "2195"]
[PlyCount "63"]
[EventDate "2004.10.03"]
[SourceDate "2004.10.10"]

1. d4 d5 2. Nc3 Nf6 3. Bg5 Nbd7 4. e3 h6 5. Bh4 e6 6. f4 Be7 7. Bd3 c5 8. Nf3
a6 9. O-O c4 10. Be2 b5 11. a3 Ng4 12. Bxe7 Qxe7 13. Qd2 f5 14. h3 Ngf6 15. Ne5
Nf8 16. Bf3 Bb7 17. Qe2 g6 18. g4 Rg8 19. gxf5 gxf5+ 20. Kh2 O-O-O 21. Rg1 N8d7
22. Qf2 Ne4 23. Bxe4 dxe4 24. Nxd7 Kxd7 25. Rg3 b4 26. Na4 bxa3 27. Nc5+ Kc7
28. bxa3 Bc8 29. Rag1 Qf7 30. Qd2 Kd6 31. Qb4 Kd5 32. Nb7 1-0

[Event "Guernsey Open"]
[Site "Guernsey GCI"]
[Date "2004.10.07"]
[Round "5"]
[White "Lock, Gavin R"]
[Black "Kamps, JW."]
[Result "1-0"]
[WhiteElo "2158"]
[BlackElo "2101"]
[PlyCount "53"]
[EventDate "2004.10.03"]
[SourceDate "2004.10.10"]

1. Nf3 f5 2. g3 Nf6 3. Bg2 g6 4. c4 d6 5. d4 Bg7 6. O-O O-O 7. Nc3 Qe8 8. Nd5
Na6 9. Nxf6+ Bxf6 10. Bh6 Bg7 11. Bxg7 Kxg7 12. e4 f4 13. e5 Bg4 14. h3 Bxf3
15. Bxf3 c6 16. Qb3 Rb8 17. Rae1 dxe5 18. Rxe5 fxg3 19. fxg3 Qd7 20. Qe3 Rbe8
21. Bg4 Rxf1+ 22. Kxf1 Qd6 23. Re6 Qc7 24. Kg2 Nb8 25. h4 Qd8 26. Qe5+ Kg8 27.
Rxc6 1-0

[Event "Guernsey Open"]
[Site "Guernsey GCI"]
[Date "2004.10.07"]
[Round "5"]
[White "Burrows, Martin"]
[Black "Murray, JS."]
[Result "1-0"]
[WhiteElo "2201"]
[BlackElo "1824"]
[PlyCount "47"]
[EventDate "2004.10.03"]
[SourceDate "2004.10.10"]

1. e4 c5 2. Nf3 d6 3. d4 cxd4 4. Nxd4 Nf6 5. Nc3 a6 6. Bc4 e6 7. Bb3 Nbd7 8. f4
Nc5 9. e5 dxe5 10. fxe5 Nxb3 11. axb3 Nd5 12. Qg4 Nxc3 13. bxc3 Qc7 14. O-O
Qxc3 15. Qf4 Qc7 16. Nb5 Bc5+ 17. Kh1 Qe7 18. Qg3 g6 19. Bg5 Qd7 20. Rad1 axb5
21. Rxd7 Bxd7 22. Qf3 f5 23. Qxb7 Rc8 24. Rd1 1-0